Derecho internacional privado /
Guardado en:
| Autor Principal: | |
|---|---|
| Otros Autores: | |
| Formato: | Libro |
| Idioma: | Spanish |
| Publicado: |
Santa Fe :
Rubinzal - Culzoni,
1999.
|
| Materias: | |
| Etiquetas: |
Agregar Etiqueta
Sin Etiquetas, Sea el primero en etiquetar este registro!
|
| LEADER | 00557nam a22001695a 4500 | ||
|---|---|---|---|
| 001 | DER.der000578 | ||
| 008 | 180615s1999####ag#||||||||||||||#||spa|| | ||
| 005 | 20241219100554.0 | ||
| 245 | 1 | 0 | |a Derecho internacional privado / |c Victoria Basz, Elisabet Campanella. |
| 260 | |a Santa Fe : |b Rubinzal - Culzoni, |c 1999. | ||
| 300 | |a 323 p. | ||
| 020 | |a 9507272364 | ||
| 100 | 1 | |a Basz, Victoria | |
| 700 | 1 | |a Campanella, Elisabet | |
| 650 | 7 | |a DERECHO INTERNACIONAL PRIVADO | |
| 859 | |a DERECHO |b BIB. DERECHO |h 340.9 |i BAS |p 001243 | ||
| 859 | |a DERECHO |b BIB. DERECHO |h 340.9 |i BAS |p 001244 |t 1 | ||
